[Event "28. Obert La Pobla de Lillet - Torneo B"]
[Site "La Pobla de Lillet ESP"]
[Date "2018.08.01"]
[Round "1.2"]
[White "Begara Rodriguez, David"]
[Black "Ambros Pladellorens, Jordi"]
[Result "0-1"]
[WhiteElo "1448"]
[BlackElo "1768"]
[PlyCount "80"]
[EventDate "2018.08.01"]
[EventType "swiss"]
[EventRounds "9"]
[EventCountry "ESP"]
[SourceTitle "Ajedrez en Madrid"]
[Source "lmi"]
[SourceDate "2018.08.01"]
[SourceVersion "1"]
[SourceVersionDate "2019.06.15"]
[SourceQuality "1"]

1. e4 d5 2. exd5 Qxd5 3. Nc3 Qa5 4. d4 Bf5 5. Nf3 c6 6. Bd3 Bg6 7. Ne5 Nf6 8.
Bd2 Qd8 9. Be3 Nbd7 10. f4 e6 11. a3 Be7 12. g4 Nd5 13. Nxd5 Bh4+ 14. Ke2 Nxe5
15. dxe5 Qxd5 16. Rg1 Be7 17. Bxg6 hxg6 18. Qxd5 cxd5 19. Rg2 a6 20. a4 Rc8 21.
c3 Rc4 22. Rd1 Rxa4 23. Rd4 Ra2 24. Rd2 b5 25. b4 Ra4 26. g5 Kd7 27. Bd4 Kc6
28. Rb2 Ra8 29. Kd3 a5 30. Ra2 axb4 31. Rxa4 Rxa4 32. cxb4 Ra3+ 33. Bc3 Bxb4
34. Rc2 Rxc3+ 35. Rxc3+ Bxc3 36. Kxc3 Kc5 37. Kd3 b4 38. h3 b3 39. Kc3 b2 40.
Kxb2 Kd4 0-1

[Event "28. Obert La Pobla de Lillet - Torneo B"]
[Site "La Pobla de Lillet ESP"]
[Date "2018.08.01"]
[Round "1.3"]
[White "Matons Calafi, Eva M."]
[Black "Planella Zavala, Ivan"]
[Result "1-0"]
[WhiteElo "1736"]
[BlackElo "1437"]
[PlyCount "91"]
[EventDate "2018.08.01"]
[EventType "swiss"]
[EventRounds "9"]
[EventCountry "ESP"]
[SourceTitle "Ajedrez en Madrid"]
[Source "lmi"]
[SourceDate "2018.08.01"]
[SourceVersion "1"]
[SourceVersionDate "2019.06.15"]
[SourceQuality "1"]

1. Nf3 d5 2. g3 Nf6 3. Bg2 g6 4. d3 Bg7 5. O-O O-O 6. Nbd2 Nbd7 7. e4 dxe4 8.
dxe4 e5 9. c3 b6 10. Re1 Bb7 11. Qc2 Qe7 12. h4 h6 13. a4 a5 14. Nc4 Rad8 15.
b3 Rfe8 16. Nh2 Nc5 17. Ba3 Bf8 18. Nd2 Qe6 19. Bxc5 Bxc5 20. Nc4 Rd7 21. Nf3
Bd6 22. Rad1 Ba6 23. Nxd6 cxd6 24. c4 Rc7 25. Qd2 Rd7 26. Qxh6 Ng4 27. Qg5 Bc8
28. Bh3 Rdd8 29. Nh2 Qf6 30. Bxg4 Qxg5 31. hxg5 Bxg4 32. Nxg4 Kg7 33. Rd5 Re6
34. Red1 Kf8 35. Nxe5 Kg7 36. Nf3 Rd7 37. e5 Kf8 38. Rxd6 Rdxd6 39. Rxd6 Rxd6
40. exd6 Ke8 41. Ne5 Kd8 42. Kg2 Ke8 43. Kf3 Kd8 44. Ke4 Ke8 45. Kd5 Kd8 46.
Kc6 1-0

[Event "28. Obert La Pobla de Lillet - Torneo B"]
[Site "La Pobla de Lillet ESP"]
[Date "2018.08.01"]
[Round "1.4"]
[White "Camprubi Juanola, Jordi"]
[Black "Escofet Llongueras, Joan"]
[Result "1-0"]
[WhiteElo "1421"]
[BlackElo "1681"]
[PlyCount "67"]
[EventDate "2018.08.01"]
[EventType "swiss"]
[EventRounds "9"]
[EventCountry "ESP"]
[SourceTitle "Ajedrez en Madrid"]
[Source "lmi"]
[SourceDate "2018.08.01"]
[SourceVersion "1"]
[SourceVersionDate "2019.06.15"]
[SourceQuality "1"]

1. c4 Nf6 2. g3 g6 3. Bg2 Bg7 4. Nc3 c6 5. e4 e5 6. d3 Na6 7. a3 Nc7 8. Nge2 d5
9. O-O d4 10. Na2 Ne6 11. f4 exf4 12. Nxf4 Nxf4 13. Bxf4 Nh5 14. Bd2 O-O 15.
Qc1 f5 16. Bg5 Qc7 17. Bh6 Be6 18. Bxg7 Nxg7 19. b4 fxe4 20. Bxe4 Bf5 21. Qf4
Rac8 22. Rac1 Qd7 23. Bxf5 Nxf5 24. Qg4 Rce8 25. Rce1 Rxe1 26. Rxe1 Re8 27. Qd1
Ne3 28. Qd2 Rf8 29. Nc1 Qg4 30. Qe2 Qf5 31. Nb3 Re8 32. Nxd4 Qe5 33. Nc2 Nxc4
34. Qf2 1-0

[Event "28. Obert La Pobla de Lillet - Torneo B"]
[Site "La Pobla de Lillet ESP"]
[Date "2018.08.01"]
[Round "1.5"]
[White "Torralbas Guma, Guillem"]
[Black "Gomez Sanchez, Javier"]
[Result "1-0"]
[WhiteElo "1656"]
[BlackElo "1409"]
[PlyCount "61"]
[EventDate "2018.08.01"]
[EventType "swiss"]
[EventRounds "9"]
[EventCountry "ESP"]
[SourceTitle "Ajedrez en Madrid"]
[Source "lmi"]
[SourceDate "2018.08.01"]
[SourceVersion "1"]
[SourceVersionDate "2019.06.15"]
[SourceQuality "1"]

1. c3 d5 2. d4 c5 3. dxc5 e5 4. b4 a6 5. Nf3 Nc6 6. Bg5 f6 7. Be3 Nge7 8. g3
Nf5 9. Bg2 e4 10. Nd4 Nxe3 11. fxe3 Ne5 12. Na3 Bg4 13. Qa4+ Bd7 14. Qb3 Bc6
15. Rd1 Qd7 16. Nxc6 bxc6 17. c4 Rb8 18. cxd5 Bxc5 19. Nc2 cxd5 20. Rxd5 Qe7
21. Qa4+ Kf7 22. Rxc5 Rhd8 23. O-O Rd2 24. Qxa6 Ng4 25. Qc4+ Kf8 26. Rc8+ Rxc8
27. Qxc8+ Kf7 28. Qxg4 Rxc2 29. Qxe4 Rxa2 30. Qc4+ Qe6 31. Bd5 1-0

[Event "28. Obert La Pobla de Lillet - Torneo B"]
[Site "La Pobla de Lillet ESP"]
[Date "2018.08.01"]
[Round "1.6"]
[White "Clotet Mas, Dan"]
[Black "Vargas Rodriguez, Gabriel"]
[Result "1-0"]
[WhiteElo "1362"]
[BlackElo "1637"]
[PlyCount "63"]
[EventDate "2018.08.01"]
[EventType "swiss"]
[EventRounds "9"]
[EventCountry "ESP"]
[SourceTitle "Ajedrez en Madrid"]
[Source "lmi"]
[SourceDate "2018.08.01"]
[SourceVersion "1"]
[SourceVersionDate "2019.06.15"]
[SourceQuality "1"]

1. e4 e5 2. Nf3 Nc6 3. Bc4 Nf6 4. Ng5 Bc5 5. O-O O-O 6. Nc3 h6 7. Nf3 d6 8. h3
Be6 9. Bb3 a6 10. d3 Nd7 11. Be3 Bb6 12. Nd5 Ba7 13. Qd2 Nc5 14. Bxh6 Nxb3 15.
axb3 Bxd5 16. exd5 Ne7 17. Qg5 Ng6 18. Qxd8 Raxd8 19. Be3 Bxe3 20. fxe3 Rfe8
21. e4 Nf4 22. g3 Ng6 23. Rf2 Rc8 24. Raf1 c6 25. c4 cxd5 26. exd5 Rc5 27. Ng5
f6 28. Ne4 Ra5 29. Nxd6 Re7 30. Ne4 Rc7 31. d6 Rd7 32. Rxf6 1-0

[Event "28. Obert La Pobla de Lillet - Torneo B"]
[Site "La Pobla de Lillet ESP"]
[Date "2018.08.02"]
[Round "2.1"]
[White "Ambros Pladellorens, Jordi"]
[Black "Rossell Aran, Joan"]
[Result "1-0"]
[WhiteElo "1768"]
[BlackElo "1489"]
[PlyCount "106"]
[EventDate "2018.08.01"]
[EventType "swiss"]
[EventRounds "9"]
[EventCountry "ESP"]
[SourceTitle "Ajedrez en Madrid"]
[Source "lmi"]
[SourceDate "2018.08.01"]
[SourceVersion "1"]
[SourceVersionDate "2019.06.15"]
[SourceQuality "1"]

1. e4 e5 2. Nf3 Nc6 3. Bb5 f5 4. d3 fxe4 5. dxe4 Nf6 6. Bg5 Bc5 7. Nc3 h6 8.
Bxf6 Qxf6 9. Nd5 Qd8 10. Bxc6 dxc6 11. Nxe5 Bxf2+ 12. Kxf2 O-O+ 13. Nf3 cxd5
14. Qxd5+ Qxd5 15. exd5 Bg4 16. Rad1 Rf7 17. Rhe1 Rf5 18. c4 b5 19. b3 bxc4 20.
bxc4 Raf8 21. Rd3 R8f6 22. h3 Bxf3 23. Rxf3 Rxf3+ 24. gxf3 Ra6 25. Re2 Ra3 26.
Rc2 Kf7 27. Kg3 g6 28. Kf4 Ke7 29. Ke4 c6 30. Rg2 cxd5+ 31. cxd5 Ra6 32. Ke5
Kd7 33. Rb2 Kc7 34. h4 h5 35. Rc2+ Kd7 36. Rc6 Rxa2 37. Rxg6 Rh2 38. Ra6 Rxh4
39. Rxa7+ Kd8 40. f4 Rh1 41. f5 Rd1 42. f6 Re1+ 43. Kf5 Rd1 44. Kg6 Rxd5 45.
Ra8+ Kd7 46. Rh8 Kc6 47. f7 Kd7 48. f8=Q Rd6+ 49. Qf6 h4 50. Rxh4 Rxf6+ 51.
Kxf6 Kc6 52. Ke7 Kb6 53. Kd7 Kb7 1-0

[Event "28. Obert La Pobla de Lillet - Torneo B"]
[Site "La Pobla de Lillet ESP"]
[Date "2018.08.02"]
[Round "2.2"]
[White "Armengou Bernal, Pere"]
[Black "Matons Calafi, Eva M."]
[Result "0-1"]
[WhiteElo "1489"]
[BlackElo "1736"]
[PlyCount "56"]
[EventDate "2018.08.01"]
[EventType "swiss"]
[EventRounds "9"]
[EventCountry "ESP"]
[SourceTitle "Ajedrez en Madrid"]
[Source "lmi"]
[SourceDate "2018.08.01"]
[SourceVersion "1"]
[SourceVersionDate "2019.06.15"]
[SourceQuality "1"]

1. e4 e6 2. Qe2 c5 3. g3 Nc6 4. c3 g6 5. Nf3 Bg7 6. Na3 Nge7 7. Bg2 O-O 8. O-O
d5 9. d3 d4 10. c4 a6 11. Nc2 e5 12. Rb1 a5 13. a3 b6 14. Nh4 f5 15. f4 fxe4
16. Bxe4 Bh3 17. Ng2 Rc8 18. Bd2 exf4 19. Bxf4 Kh8 20. Qd2 Nf5 21. Bxf5 Bxf5
22. Qd1 Ne5 23. Nce1 g5 24. Bxe5 Bxe5 25. g4 Bd7 26. h3 Bh2+ 27. Kxh2 Rxf1 28.
Qe2 Qc7+ 0-1

[Event "28. Obert La Pobla de Lillet - Torneo B"]
[Site "La Pobla de Lillet ESP"]
[Date "2018.08.02"]
[Round "2.3"]
[White "Pifarre Gene, Joan Baptista"]
[Black "Torralbas Guma, Guillem"]
[Result "0-1"]
[WhiteElo "1481"]
[BlackElo "1656"]
[PlyCount "124"]
[EventDate "2018.08.01"]
[EventType "swiss"]
[EventRounds "9"]
[EventCountry "ESP"]
[SourceTitle "Ajedrez en Madrid"]
[Source "lmi"]
[SourceDate "2018.08.01"]
[SourceVersion "1"]
[SourceVersionDate "2019.06.15"]
[SourceQuality "1"]

1. e4 a6 2. Nf3 b5 3. d4 Bb7 4. Bd3 e6 5. O-O d5 6. e5 c5 7. c3 Nd7 8. Be3 Ne7
9. Nbd2 Nc6 10. dxc5 Ncxe5 11. Nxe5 Nxe5 12. Qc2 Nxd3 13. Qxd3 Be7 14. Bd4 O-O
15. f4 Bf6 16. Rf3 Bc6 17. Rh3 Bxd4+ 18. cxd4 g6 19. Nf3 f6 20. Re1 Bd7 21. Rg3
e5 22. dxe5 Bc6 23. Nd4 Qd7 24. e6 Qc7 25. f5 g5 26. Qe3 Rae8 27. h4 h6 28. Rf1
Re7 29. hxg5 hxg5 30. Rg4 Be8 31. b4 Rh7 32. Rg3 Qe5 33. Qxe5 fxe5 34. Rxg5+
Kh8 35. f6 exd4 36. f7 Bc6 37. Rf6 d3 38. Rfg6 Rhxf7 39. exf7 Rxf7 40. Rh5+ Rh7
41. Rxh7+ Kxh7 42. Rg3 d2 43. Rd3 Kg6 44. Rxd2 Kf5 45. Re2 d4 46. Kf2 Bd5 47.
Ke1 d3 48. Re8 Bxg2 49. Kd2 Bc6 50. Kxd3 Bxe8 51. Kd4 Bc6 52. Ke3 Ke5 53. Kd3
Kd5 54. Kc3 Ke4 55. a3 Bd5 56. a4 bxa4 57. Kb2 Kd3 58. Ka3 Bc6 59. Kb2 Bd7 60.
Ka3 Kc3 61. Ka2 Kc2 62. Ka3 Kb1 0-1

[Event "28. Obert La Pobla de Lillet - Torneo B"]
[Site "La Pobla de Lillet ESP"]
[Date "2018.08.02"]
[Round "2.4"]
[White "Camprubi Juanola, Jordi"]
[Black "Molina Manas, Miquel"]
[Result "1/2-1/2"]
[WhiteElo "1421"]
[BlackElo "1636"]
[PlyCount "120"]
[EventDate "2018.08.01"]
[EventType "swiss"]
[EventRounds "9"]
[EventCountry "ESP"]
[SourceTitle "Ajedrez en Madrid"]
[Source "lmi"]
[SourceDate "2018.08.01"]
[SourceVersion "1"]
[SourceVersionDate "2019.06.15"]
[SourceQuality "1"]

1. c4 Nf6 2. g3 d5 3. Bg2 e6 4. Nc3 c6 5. b3 Qb6 6. Rb1 Ng4 7. e3 Ne5 8. d4 Bb4
9. Bb2 Qa5 10. Nge2 Ng4 11. a3 Be7 12. b4 Qd8 13. Nf4 Nf6 14. Qb3 dxc4 15. Qxc4
Nbd7 16. b5 Nb6 17. Qb3 cxb5 18. Nxb5 O-O 19. Rc1 a6 20. Nc7 Qd6 21. Nxa8 Nxa8
22. O-O Nb6 23. Rc2 Bd7 24. Bxb7 Ba4 25. Qc3 Bxc2 26. Qxc2 Nbd5 27. Nxd5 Nxd5
28. Qc6 Qxc6 29. Bxc6 Rb8 30. Bc1 Nc3 31. Bd2 Nb1 32. Bb4 Bxb4 33. Rxb1 Bd6 34.
Rxb8+ Bxb8 35. Bb7 Bd6 36. Bxa6 Bxa3 37. Kg2 g6 38. Kf3 Kg7 39. Bc4 Bb2 40. d5
exd5 41. Bxd5 Be5 42. Ke4 Bc3 43. f4 f5+ 44. Kf3 Bb2 45. g4 Kf6 46. h3 Bc1 47.
gxf5 gxf5 48. h4 h6 49. h5 Bd2 50. Bc6 Bc1 51. Be8 Bd2 52. Ke2 Bc1 53. Kd3 Bb2
54. Kc2 Ba3 55. Kd3 Bc1 56. Bd7 Ba3 57. e4 fxe4+ 58. Kxe4 Bc1 59. f5 Bd2 60.
Be8 Bc1 1/2-1/2

[Event "28. Obert La Pobla de Lillet - Torneo B"]
[Site "La Pobla de Lillet ESP"]
[Date "2018.08.02"]
[Round "2.5"]
[White "Creixans Comerma, Pol"]
[Black "Clotet Mas, Dan"]
[Result "1-0"]
[WhiteElo "1630"]
[BlackElo "1362"]
[PlyCount "117"]
[EventDate "2018.08.01"]
[EventType "swiss"]
[EventRounds "9"]
[EventCountry "ESP"]
[SourceTitle "Ajedrez en Madrid"]
[Source "lmi"]
[SourceDate "2018.08.01"]
[SourceVersion "1"]
[SourceVersionDate "2019.06.15"]
[SourceQuality "1"]

1. e4 c6 2. Nc3 d5 3. Nf3 dxe4 4. Nxe4 Bg4 5. Bc4 Bxf3 6. Qxf3 Nf6 7. Nxf6+
exf6 8. O-O Be7 9. Qb3 Qc7 10. Bxf7+ Kd8 11. Qg3 Qxg3 12. fxg3 Bc5+ 13. Kh1 Nd7
14. d4 Bxd4 15. Rd1 Rf8 16. Be6 Re8 17. Bxd7 Kxd7 18. Rxd4+ Kc7 19. Bf4+ Kb6
20. Kg1 g5 21. Bd2 Re6 22. Re1 Rxe1+ 23. Bxe1 Re8 24. Kf2 Re6 25. g4 Kc5 26.
Rd3 Re4 27. h3 Rf4+ 28. Rf3 Rxf3+ 29. Kxf3 Kd5 30. Bc3 Ke6 31. Ke4 h6 32. g3 a6
33. Bd4 a5 34. c4 b5 35. cxb5 cxb5 36. b3 a4 37. bxa4 bxa4 38. a3 Kf7 39. Kf5
Kg7 40. Bxf6+ Kh7 41. Bc3 Kg8 42. Kg6 Kf8 43. h4 gxh4 44. gxh4 Kg8 45. g5 hxg5
46. hxg5 Kf8 47. Kh7 Ke7 48. g6 Kf8 49. g7+ Kf7 50. g8=Q+ Ke7 51. Qg6 Kd7 52.
Qf6 Kc7 53. Qe6 Kb7 54. Qd6 Ka7 55. Qc6 Kb8 56. Qd7 Ka8 57. Bd4 Kb8 58. Bg1 Ka8
59. Qa7# 1-0

[Event "28. Obert La Pobla de Lillet - Torneo B"]
[Site "La Pobla de Lillet ESP"]
[Date "2018.08.03"]
[Round "3.1"]
[White "Vegara Gallego, Pere"]
[Black "Ambros Pladellorens, Jordi"]
[Result "1/2-1/2"]
[WhiteElo "1625"]
[BlackElo "1768"]
[PlyCount "65"]
[EventDate "2018.08.01"]
[EventType "swiss"]
[EventRounds "9"]
[EventCountry "ESP"]
[SourceTitle "Ajedrez en Madrid"]
[Source "lmi"]
[SourceDate "2018.08.01"]
[SourceVersion "1"]
[SourceVersionDate "2019.06.15"]
[SourceQuality "1"]

1. Nf3 c5 2. b3 d6 3. e3 Nf6 4. Bb2 Nbd7 5. Be2 e5 6. d3 Be7 7. O-O O-O 8. c4
b6 9. Nc3 Bb7 10. e4 Re8 11. Nd2 Nf8 12. f4 exf4 13. Rxf4 Ne6 14. Rf1 Nd4 15.
Nd5 Nxd5 16. cxd5 Bf6 17. Rb1 Nxe2+ 18. Qxe2 Bxb2 19. Rxb2 Bxd5 20. Qf2 Be6 21.
Qf4 b5 22. Nf3 f6 23. Kh1 a6 24. Rd1 d5 25. e5 fxe5 26. Nxe5 Rf8 27. Qe3 Qd6
28. d4 cxd4 29. Qxd4 Rf5 30. Nf3 Raf8 31. Kg1 Rh5 32. Rdd2 Bg4 33. Qxg4 1/2-1/2

[Event "28. Obert La Pobla de Lillet - Torneo B"]
[Site "La Pobla de Lillet ESP"]
[Date "2018.08.03"]
[Round "3.2"]
[White "Matons Calafi, Eva M."]
[Black "Creixans Comerma, Pol"]
[Result "1/2-1/2"]
[WhiteElo "1736"]
[BlackElo "1630"]
[PlyCount "86"]
[EventDate "2018.08.01"]
[EventType "swiss"]
[EventRounds "9"]
[EventCountry "ESP"]
[SourceTitle "Ajedrez en Madrid"]
[Source "lmi"]
[SourceDate "2018.08.01"]
[SourceVersion "1"]
[SourceVersionDate "2019.06.15"]
[SourceQuality "1"]

1. Nf3 Nf6 2. g3 d5 3. Bg2 g6 4. d3 Bg7 5. O-O O-O 6. Nbd2 c6 7. e4 dxe4 8.
dxe4 Qc7 9. c3 e5 10. Re1 h6 11. Qc2 Be6 12. c4 a5 13. b3 Na6 14. a3 Rfd8 15.
Bb2 Ne8 16. c5 Qe7 17. Rac1 f6 18. Nh4 g5 19. Nf5 Bxf5 20. exf5 Qxc5 21. Nc4
Nd6 22. Bf1 Nb5 23. Nxa5 Nd4 24. Bxd4 Qxa5 25. Bb2 Rd2 26. Qc3 Qd8 27. a4 Kh8
28. Ba3 Qd4 29. Qxd4 Rxd4 30. Red1 Nc7 31. Rxd4 exd4 32. Bc5 Rd8 33. Rd1 Rd5
34. b4 Rxf5 35. Bc4 Nd5 36. Rxd4 Kg8 37. b5 Bf8 38. Bxf8 Kxf8 39. bxc6 bxc6 40.
Bxd5 cxd5 41. Rb4 Rf3 42. Rd4 Ra3 43. Rxd5 Rxa4 1/2-1/2

[Event "28. Obert La Pobla de Lillet - Torneo B"]
[Site "La Pobla de Lillet ESP"]
[Date "2018.08.03"]
[Round "3.3"]
[White "Torralbas Guma, Guillem"]
[Black "Vidal Moll, Francesc"]
[Result "1/2-1/2"]
[WhiteElo "1656"]
[BlackElo "1516"]
[PlyCount "60"]
[EventDate "2018.08.01"]
[EventType "swiss"]
[EventRounds "9"]
[EventCountry "ESP"]
[SourceTitle "Ajedrez en Madrid"]
[Source "lmi"]
[SourceDate "2018.08.01"]
[SourceVersion "1"]
[SourceVersionDate "2019.06.15"]
[SourceQuality "1"]

1. b4 c6 2. Bb2 d5 3. e3 e6 4. Nf3 f5 5. c4 Nf6 6. a3 Bd6 7. Be2 Nbd7 8. d4 O-O
9. Ng5 Ne4 10. Nxe6 Qh4 11. g3 Qh6 12. Nxf8 Nxf8 13. Nc3 Nf6 14. cxd5 cxd5 15.
Qd3 a6 16. Bf3 Be6 17. Na4 N8d7 18. Nc5 Nxc5 19. dxc5 Bc7 20. Rd1 Rd8 21. Qb3
Ne4 22. Bd4 Bf7 23. Qb2 Be8 24. Be5 Bxe5 25. Qxe5 Bc6 26. Qxf5 Rf8 27. Qh5 Qf6
28. O-O Qxf3 29. Qxf3 Rxf3 30. Rd4 Rf5 1/2-1/2

[Event "28. Obert La Pobla de Lillet - Torneo B"]
[Site "La Pobla de Lillet ESP"]
[Date "2018.08.03"]
[Round "3.4"]
[White "Puente Fernandez, Lucas"]
[Black "Camprubi Juanola, Jordi"]
[Result "1-0"]
[WhiteElo "1299"]
[BlackElo "1421"]
[PlyCount "145"]
[EventDate "2018.08.01"]
[EventType "swiss"]
[EventRounds "9"]
[EventCountry "ESP"]
[SourceTitle "Ajedrez en Madrid"]
[Source "lmi"]
[SourceDate "2018.08.01"]
[SourceVersion "1"]
[SourceVersionDate "2019.06.15"]
[SourceQuality "1"]

1. d4 d6 2. c4 c6 3. Nc3 Nf6 4. Nf3 g6 5. Bg5 Bg7 6. e4 Bg4 7. Be2 Bxf3 8. Bxf3
Qa5 9. Be3 Qb4 10. Qe2 Nbd7 11. Bd2 Qb6 12. Be3 Qc7 13. O-O O-O 14. Rac1 e5 15.
Rfd1 Rfe8 16. d5 c5 17. Qd2 a6 18. Bh6 Nb6 19. Bxg7 Kxg7 20. Ne2 Ng8 21. a3 Nd7
22. b4 b6 23. Ng3 Nh6 24. Nh5+ gxh5 25. Qg5+ Kh8 26. Qxh6 Rg8 27. Bxh5 Rg7 28.
Rd3 Rag8 29. g3 Nf8 30. Qf6 Ng6 31. Bg4 Qe7 32. Qxe7 Nxe7 33. Be2 f5 34. exf5
Nxf5 35. bxc5 bxc5 36. Rb1 Nd4 37. Bd1 Ra8 38. Rb6 Rd7 39. Ba4 Rdd8 40. Bc6
Rdb8 41. Rxb8+ Rxb8 42. Kg2 Nc2 43. Rc3 Nd4 44. Ba4 Rb1 45. h3 Ra1 46. h4 Rb1
47. Kh3 Rb2 48. Kg2 Rd2 49. Kf1 Rd1+ 50. Bxd1 Kg7 51. Rc1 Kf6 52. Rb1 e4 53.
Rb6 Ke5 54. Rxa6 Nf5 55. Bg4 Nd4 56. Ra7 h5 57. Bxh5 Kf5 58. g4+ Ke5 59. g5 e3
60. fxe3 Nf5 61. Bg6 Nxe3+ 62. Ke2 Kd4 63. h5 Ke5 64. Re7+ Kf4 65. Rxe3 Kxg5
66. a4 Kf4 67. a5 Kg4 68. a6 Kf4 69. a7 Kg4 70. a8=Q Kf4 71. Qf8+ Kg4 72. Qf5+
Kh4 73. Rh3# 1-0

[Event "28. Obert La Pobla de Lillet - Torneo B"]
[Site "La Pobla de Lillet ESP"]
[Date "2018.08.03"]
[Round "3.5"]
[White "Molina Manas, Miquel"]
[Black "Camprubi Juanola, Jaume"]
[Result "0-1"]
[WhiteElo "1636"]
[BlackElo "1587"]
[PlyCount "134"]
[EventDate "2018.08.01"]
[EventType "swiss"]
[EventRounds "9"]
[EventCountry "ESP"]
[SourceTitle "Ajedrez en Madrid"]
[Source "lmi"]
[SourceDate "2018.08.01"]
[SourceVersion "1"]
[SourceVersionDate "2019.06.15"]
[SourceQuality "1"]

1. e4 c5 2. Nf3 g6 3. d4 cxd4 4. Qxd4 Nf6 5. e5 Nc6 6. Qc3 Nd5 7. Qc4 Nc7 8.
Bd2 Bg7 9. Bc3 O-O 10. Bd3 a6 11. O-O b5 12. Qf4 Nd5 13. Qe4 e6 14. a3 Qc7 15.
Re1 Bb7 16. Qe2 Nf4 17. Qe3 Bh6 18. Nd4 Nxd4 19. Bxd4 Bxg2 20. f3 Nh3+ 21. Kxg2
Bxe3 22. Bxe3 Qxe5 23. Kxh3 Qxb2 24. Nd2 d5 25. Nb3 Qc3 26. Bd4 Qc8 27. Kg2 f6
28. Bc5 Rf7 29. Rac1 e5 30. Bf2 Rc7 31. Bh4 Kf7 32. Bg3 h5 33. Kh1 Re7 34. Bf2
Qh3 35. Bf1 Qf5 36. Kg2 Rc8 37. h3 Rxc2 38. Rxc2 Qxc2 39. Nc5 d4 40. Nxa6 Qa4
41. Nc5 Qxa3 42. Nd3 b4 43. Nc5 Qc3 44. Ne4 Qc2 45. Re2 b3 46. Rd2 Qc1 47. Bc4+
Kg7 48. Bxb3 f5 49. Rc2 Qa3 50. Nd2 Rb7 51. Bd5 Rb5 52. Bc4 Rb2 53. Rxb2 Qxb2
54. Nf1 Qc2 55. Ba6 f4 56. Bb7 d3 57. Be4 Qc3 58. Bh4 d2 59. Nxd2 Qxd2+ 60. Bf2
Kf6 61. Kg1 g5 62. Kg2 g4 63. fxg4 hxg4 64. hxg4 Kg5 65. Bf5 Qe2 66. Bd7 e4 67.
Kg1 e3 0-1

[Event "28. Obert La Pobla de Lillet - Torneo B"]
[Site "La Pobla de Lillet ESP"]
[Date "2018.08.04"]
[Round "4.1"]
[White "Ambros Pladellorens, Jordi"]
[Black "Puente Fernandez, Lucas"]
[Result "1-0"]
[WhiteElo "1768"]
[BlackElo "1299"]
[PlyCount "89"]
[EventDate "2018.08.01"]
[EventType "swiss"]
[EventRounds "9"]
[EventCountry "ESP"]
[SourceTitle "Ajedrez en Madrid"]
[Source "lmi"]
[SourceDate "2018.08.01"]
[SourceVersion "1"]
[SourceVersionDate "2019.06.15"]
[SourceQuality "1"]

1. e4 e6 2. d4 d5 3. Bd3 c5 4. c3 Nf6 5. e5 Nfd7 6. Nf3 Nc6 7. O-O Be7 8. Bf4
Qb6 9. Qb3 Qc7 10. Be2 O-O 11. Bg3 f6 12. exf6 Bd6 13. fxg7 Kxg7 14. Bxd6 Qxd6
15. Na3 Nf6 16. Qd1 Rg8 17. dxc5 Qxc5 18. Nc2 e5 19. Ne3 Kh8 20. Kh1 d4 21.
cxd4 exd4 22. Nc2 Bg4 23. Nce1 Rad8 24. Rc1 Qb6 25. Nd3 Rge8 26. h3 Bh5 27. b3
Qa6 28. Rc2 Qa5 29. Nc5 Rd5 30. Nxb7 Qb6 31. Qc1 Qxb7 32. Rxc6 Rxe2 33. Rxf6
Re8 34. Qf4 Rdd8 35. Nxd4 Rg8 36. f3 Qb4 37. Rd1 Qa3 38. Rd2 Qc1+ 39. Kh2 Rde8
40. Re6 Ref8 41. Qe5+ Rg7 42. Re2 Bg6 43. Re7 Qf4+ 44. Qxf4 Rxf4 45. Rxg7 1-0

[Event "28. Obert La Pobla de Lillet - Torneo B"]
[Site "La Pobla de Lillet ESP"]
[Date "2018.08.04"]
[Round "4.2"]
[White "Vidal Moll, Francesc"]
[Black "Matons Calafi, Eva M."]
[Result "0-1"]
[WhiteElo "1516"]
[BlackElo "1736"]
[PlyCount "102"]
[EventDate "2018.08.01"]
[EventType "swiss"]
[EventRounds "9"]
[EventCountry "ESP"]
[SourceTitle "Ajedrez en Madrid"]
[Source "lmi"]
[SourceDate "2018.08.01"]
[SourceVersion "1"]
[SourceVersionDate "2019.06.15"]
[SourceQuality "1"]

1. d4 Nf6 2. e3 g6 3. Bd3 Bg7 4. f4 d5 5. Nf3 c5 6. c3 Nc6 7. Nbd2 O-O 8. O-O
Nd7 9. Qe1 e6 10. Qg3 Re8 11. b3 Qa5 12. Bb2 cxd4 13. exd4 Nf8 14. Rfe1 Bd7 15.
Nf1 Rac8 16. Ne3 Ne7 17. Ne5 Nf5 18. Nxf5 exf5 19. a3 Qb6 20. b4 Re6 21. Re2
Rce8 22. Rae1 Bb5 23. Kf1 f6 24. Bxb5 Qxb5 25. Qd3 Qb6 26. Nf3 Re4 27. g3 Rxe2
28. Rxe2 Rxe2 29. Qxe2 Qe6 30. Qxe6+ Nxe6 31. Ne1 Nc7 32. Kf2 Ne8 33. Nc2 Kf7
34. Ne3 Ke6 35. c4 dxc4 36. Nxc4 Kd5 37. Nd2 Nd6 38. Ke3 Bf8 39. Bc1 Be7 40.
Bb2 Bd8 41. Bc3 Nc4+ 42. Nxc4 Kxc4 43. Bd2 Bb6 44. Kf3 Bxd4 45. Bc1 Kb3 46. Ke2
Bb2 47. Bxb2 Kxb2 48. Kd3 b5 49. Kd4 Kxa3 50. Kc3 Ka4 51. h3 h5 0-1

[Event "28. Obert La Pobla de Lillet - Torneo B"]
[Site "La Pobla de Lillet ESP"]
[Date "2018.08.04"]
[Round "4.3"]
[White "Camprubi Juanola, Jaume"]
[Black "Torralbas Guma, Guillem"]
[Result "1-0"]
[WhiteElo "1587"]
[BlackElo "1656"]
[PlyCount "93"]
[EventDate "2018.08.01"]
[EventType "swiss"]
[EventRounds "9"]
[EventCountry "ESP"]
[SourceTitle "Ajedrez en Madrid"]
[Source "lmi"]
[SourceDate "2018.08.01"]
[SourceVersion "1"]
[SourceVersionDate "2019.06.15"]
[SourceQuality "1"]

1. c4 c6 2. g3 g6 3. Bg2 Bg7 4. d4 d5 5. cxd5 cxd5 6. Nc3 Nf6 7. Bg5 e6 8. Nf3
Nc6 9. Rc1 Qb6 10. b3 Ne4 11. Be3 Qa5 12. Qc2 Bf8 13. O-O Ba3 14. Nxe4 dxe4 15.
Qxe4 Bxc1 16. Rxc1 Ne7 17. Rc5 Qd8 18. Qe5 O-O 19. Bh6 f6 20. Qe4 Rf7 21. Bh3
Nf5 22. Bf4 Nd6 23. Qc2 Nf5 24. e4 Ne7 25. Qc4 Qb6 26. e5 Qa6 27. Qc2 f5 28.
Ng5 Rg7 29. Bf1 Qb6 30. a4 Nc6 31. Qc3 Qb4 32. Rxc6 Qxc3 33. Rxc3 Bd7 34. Bc4
Re7 35. d5 h6 36. Nxe6 Bxe6 37. dxe6 g5 38. Be3 Rd8 39. Rd3 Rxd3 40. Bxd3 Kg7
41. Bc4 b6 42. Bd5 Kg6 43. Bd2 Re8 44. Bb4 f4 45. gxf4 gxf4 46. e7 Rc8 47. Bc6
1-0

[Event "28. Obert La Pobla de Lillet - Torneo B"]
[Site "La Pobla de Lillet ESP"]
[Date "2018.08.04"]
[Round "4.4"]
[White "Creixans Comerma, Pol"]
[Black "Vegara Gallego, Pere"]
[Result "1/2-1/2"]
[WhiteElo "1630"]
[BlackElo "1625"]
[PlyCount "46"]
[EventDate "2018.08.01"]
[EventType "swiss"]
[EventRounds "9"]
[EventCountry "ESP"]
[SourceTitle "Ajedrez en Madrid"]
[Source "lmi"]
[SourceDate "2018.08.01"]
[SourceVersion "1"]
[SourceVersionDate "2019.06.15"]
[SourceQuality "1"]

1. c4 e5 2. Nc3 Nf6 3. g3 d6 4. Bg2 Nc6 5. e4 Be7 6. Nge2 Bg4 7. h3 Bd7 8. d3
h6 9. O-O a6 10. Be3 O-O 11. f4 exf4 12. gxf4 Nh7 13. f5 Bg5 14. Bxg5 Qxg5 15.
Nd5 Rac8 16. Rf3 Kh8 17. Rg3 Qd8 18. Nef4 Rg8 19. Qh5 Be8 20. Kh2 Ne5 21. Rg1
c6 22. Bh1 cxd5 23. exd5 Qf6 1/2-1/2